<?xml version="1.0" encoding="UTF-8"?>
<record
    xmlns:xsi="http://www.w3.org/2001/XMLSchema-instance"
    xsi:schemaLocation="http://www.loc.gov/MARC21/slim http://www.loc.gov/standards/marcxml/schema/MARC21slim.xsd"
    xmlns="http://www.loc.gov/MARC21/slim">

  <leader>00769nam a22002417a 4500</leader>
  <controlfield tag="001"> 25896 </controlfield>
  <controlfield tag="003">UA-OsUOA</controlfield>
  <controlfield tag="005">20220203192851.0</controlfield>
  <controlfield tag="007">ta</controlfield>
  <controlfield tag="008">20040429b un ||||| |||| 00| 0 ukr d</controlfield>
  <datafield tag="020" ind1=" " ind2=" ">
    <subfield code="a">966-7359-06-9</subfield>
  </datafield>
  <datafield tag="040" ind1=" " ind2=" ">
    <subfield code="a">UA-OsUOA</subfield>
    <subfield code="b">ukr</subfield>
    <subfield code="c">UA-OsUOA</subfield>
    <subfield code="d">UA-OsUOA</subfield>
  </datafield>
  <datafield tag="041" ind1=" " ind2=" ">
    <subfield code="a">ukr</subfield>
  </datafield>
  <datafield tag="044" ind1=" " ind2=" ">
    <subfield code="a">UA</subfield>
  </datafield>
  <datafield tag="080" ind1=" " ind2=" ">
    <subfield code="a">37.013</subfield>
  </datafield>
  <datafield tag="090" ind1=" " ind2=" ">
    <subfield code="a">37.013</subfield>
    <subfield code="b">&#x41D;15</subfield>
  </datafield>
  <datafield tag="245" ind1=" " ind2=" ">
    <subfield code="a">&#x41D;&#x430;&#x432;&#x447;&#x430;&#x43B;&#x44C;&#x43D;&#x43E;-&#x432;&#x438;&#x445;&#x43E;&#x432;&#x43D;&#x438;&#x439; &#x43F;&#x440;&#x43E;&#x446;&#x435;&#x441; &#x443; &#x432;&#x443;&#x437;&#x456; &#x456; &#x448;&#x43A;&#x43E;&#x43B;&#x456; &#x442;&#x430; &#x448;&#x43B;&#x44F;&#x445;&#x438; &#x439;&#x43E;&#x433;&#x43E; &#x440;&#x43E;&#x437;&#x432;&#x438;&#x442;&#x43A;&#x443; &#x456; &#x443;&#x434;&#x43E;&#x441;&#x43A;&#x43E;&#x43D;&#x430;&#x43B;&#x435;&#x43D;&#x43D;&#x44F;</subfield>
    <subfield code="b">&#x437;&#x431;&#x456;&#x440;&#x43D;&#x438;&#x43A; &#x43F;&#x440;&#x430;&#x446;&#x44C; &#x41C;&#x456;&#x436;&#x43D;&#x430;&#x440;&#x43E;&#x434;&#x43D;&#x43E;&#x457; &#x43D;&#x430;&#x443;&#x43A;&#x43E;&#x432;&#x43E;-&#x43F;&#x440;&#x430;&#x43A;&#x442;&#x438;&#x447;&#x43D;&#x43E;&#x457; &#x43A;&#x43E;&#x43D;&#x444;&#x435;&#x440;&#x435;&#x43D;&#x446;&#x456;&#x457;</subfield>
    <subfield code="n">&#x447;. 3</subfield>
  </datafield>
  <datafield tag="260" ind1=" " ind2=" ">
    <subfield code="a">&#x420;&#x456;&#x432;&#x43D;&#x435;</subfield>
    <subfield code="b">&#x420;&#x415;&#x413;&#x406;</subfield>
    <subfield code="c">1999</subfield>
  </datafield>
  <datafield tag="300" ind1=" " ind2=" ">
    <subfield code="a">368 &#x441;.</subfield>
  </datafield>
  <datafield tag="650" ind1=" " ind2="7">
    <subfield code="2">UDC</subfield>
  </datafield>
  <datafield tag="942" ind1=" " ind2=" ">
    <subfield code="c">BK</subfield>
    <subfield code="2">udc</subfield>
  </datafield>
  <datafield tag="955" ind1=" " ind2=" ">
    <subfield code="a">0</subfield>
  </datafield>
  <datafield tag="999" ind1=" " ind2=" ">
    <subfield code="c">312201</subfield>
    <subfield code="d">312201</subfield>
  </datafield>
  <datafield tag="952" ind1=" " ind2=" ">
    <subfield code="0">0</subfield>
    <subfield code="1">0</subfield>
    <subfield code="2">udc</subfield>
    <subfield code="4">0</subfield>
    <subfield code="7">0</subfield>
    <subfield code="a">102</subfield>
    <subfield code="b">102</subfield>
    <subfield code="d">2004-04-29</subfield>
    <subfield code="g">24.67</subfield>
    <subfield code="i">68220</subfield>
    <subfield code="l">0</subfield>
    <subfield code="o">37.013 &#x41D;15</subfield>
    <subfield code="p">68220</subfield>
    <subfield code="r">2021-11-17 00:00:00</subfield>
    <subfield code="w">2004-04-29</subfield>
    <subfield code="y">BK</subfield>
  </datafield>
  <datafield tag="952" ind1=" " ind2=" ">
    <subfield code="0">0</subfield>
    <subfield code="1">0</subfield>
    <subfield code="2">udc</subfield>
    <subfield code="4">0</subfield>
    <subfield code="7">0</subfield>
    <subfield code="a">102</subfield>
    <subfield code="b">102</subfield>
    <subfield code="d">2004-05-11</subfield>
    <subfield code="g">4.00</subfield>
    <subfield code="i">68253</subfield>
    <subfield code="l">0</subfield>
    <subfield code="o">37.013 &#x41D;15</subfield>
    <subfield code="p">68253</subfield>
    <subfield code="r">2021-11-17 00:00:00</subfield>
    <subfield code="w">2004-04-29</subfield>
    <subfield code="y">BK</subfield>
  </datafield>
</record>
